000 01019nam a22002657a 4500
005 2010031906226.0
008 100319t xxu||||| |||| 00| 0 eng d
010 _aENG-95916
020 _a9788184840155
_c680.00
035 _aEN-79449
037 _bDBAD/PUB
040 _aDPL
082 _a307.14120954
100 _aDash, Gyanindra
245 _aRural employment and economic development/
_cby Gyanindra Dash and Rajan Kumar Sahoo
260 _aNew Delhi
_bRegal Publications
_c2009
270 _aF-159, Rajouri Garden
_bNew Delhi
_e110027
300 _axiv, 188p. :
_c24 cm. (Hb)
500 _aIncludes index
650 _aManpower policy, Rural-
_zIndia
_zOrissa
650 _aRural development
_xGovernment policy
_zIndia
_zOrissa
700 _aSahoo, Rajan Kumar
942 _2ddc
_cEN
_mDAS
_h307.14120954
999 _c34787
_d34787